La ambientación musical en radio y televisión. Selección, montaje y sonorización.

Guardat en:
Dades bibliogràfiques
Autor principal: Beltrán Moner, Rafael (autor)
Format: Llibre
Idioma:espanyol
Publicat: Madrid, España: Instituto Oficial de Radio y Televisión (RTVE), 2005.
Edició:3a. edición.
Matèries:
Etiquetes: Afegir etiqueta
Sense etiquetes, Sigues el primer a etiquetar aquest registre!

MARC

LEADER 00000nam a22000007a 4500
003 CL-VaPUC
005 20250407202440.0
008 250310t2005 ||||| |||| 00| 0 spa d
999 |c 447196  |d 447194 
020 |a 84-88788-64-9 
040 |c Pontificia Universidad Católica de Valparaíso 
082 |2 22  |a 791.43024 BEL 2005 
100 |9 896512  |a Beltrán Moner, Rafael  |e autor 
245 |a La ambientación musical en radio y televisión.  |b Selección, montaje y sonorización. 
250 |a 3a. edición. 
260 |a Madrid, España:  |b Instituto Oficial de Radio y Televisión (RTVE),  |c 2005. 
300 |a xix, 156 páginas. 
500 |a c.1-2: Instituto Arcos. 08-01-2025 
583 |c 20250310  |k Yessy Sthefany Diaz Vidal 
650 0 |9 257273  |a Medios de comunicación de masas  |x Música y sonido 
650 0 |9 362434  |a Reproducción del sonido  |x Cine, teatro, radio, etc. 
942 |2 ddc  |c BK  |n 0 
952 |0 0  |1 0  |2 ddc  |4 0  |6 791_430240000000000_BEL_2005  |7 0  |8 A  |9 600860  |a BIBINC  |b BIBINC  |d 2025-03-10  |e Instituto Arcos  |i 5665742  |o 791.43024 BEL 2005  |p 5665742  |r 2025-03-10  |t 1  |w 2025-03-10  |y BK  |k IFP 
952 |0 0  |1 0  |2 ddc  |4 0  |6 791_430240000000000_BEL_2005  |7 0  |8 A  |9 600861  |a BIBINC  |b BIBINC  |d 2025-03-10  |e Instituto Arcos  |i 5665740  |o 791.43024 BEL 2005  |p 5665740  |r 2025-03-10  |t 2  |w 2025-03-10  |y BK  |k IFP